|
|
แสดงรายละเอียดบรรณานุกรม |
|
|
Brief Record
: Get Marc (ISO 2709)
: E-mail record
: |
|
|
| LEADER 00000nam 2200000uu 4500 | |||
| 001 206309 | |||
| 003 ULIBM | |||
| 008 110826s2554||||th 000 0 tha d | |||
| 024 978-974-9805-58-9 | |||
| 060 0 HF 5351 ส271ก 2554. | |||
| 100 0 ^aสมภพ โรจนพันธ์. | |||
| 245 00 ^aการบริหารสู่ความเป็นเลิศ./^bเรียบเรียงโดย สมภพ โรจนพันธ์. | |||
| 260 ^aกรุงเทพฯ : ^bเพชรประกาย,^c2554. | |||
| 300 ^aจำนวน 207 หน้า. | |||
| 650 0 ^aการจัดการธุรกิจ. | |||
| 650 0 ^aการบริหาร. | |||
| 999 ^aใช้งานได้ทุกระบบ | |||
| คุณยังไม่ได้ล็อกอิน คุณสามารถมีกิจกรรมร่วมกับเว็บไซต์ได้ แต่ต้องล็อกอินก่อน :: |
|
| สถานะ | |||||||||
| 1. | หนังสือทั่วไป สถานะ=หนังสือเก่า - บริการ ณ ห้องสมุด (ห้องเหลือง) | HF 5351 ส271ก 2554. | On Shelf ขอยืม | ||||||
| 2. | หนังสือทั่วไป สถานะ=หนังสือเก่า - บริการ ณ ห้องสมุด (ห้องเหลือง) | HF 5351 ส271ก 2554. ฉ.2 | On Shelf ขอยืม | ||||||
| [แสดง 2/2 รายการ] | |||||||||
BibComment |
| คอมเมนท์ทรัพยากรรายการนี้ |
|
|